000 00485nam a2200193 a 4500
001 1761117815189
003 YourLibrary
005 20251022125507.0
008 251022s2004##################000#0#eng##
020 _a8121104181
082 0 4 _a588
_bHEB
100 1 _aHébant, Charles,
_eauthor.
245 1 0 _aThe Concluding Tissues Of Bryophytes :
260 _c2004.
300 _a157 pages
650 0 _aBryophytes.
942 _cENGLISH
040 _aYourLibrary
_beng
_cYourLibrary
999 _c592585
_d592585